000 00518nam a2200217Ia 4500
003 OSt
005 20220928134937.0
006 a|||||r|||| 00| 0
007 ta
008 220927b |||||||| |||| 00| 0 eng d
024 _a354
037 _cTextual
040 _aSDCL
_cSDCL
_beng
041 _2eng
_aeng
082 _aX0aW, M3
100 _aBosanquet Nick
_9489166
245 0 _aAfter the new right
260 _c1983
942 _hX0aW, M3
_cTEXL
_2CC
999 _c804387
_d804387